China's southwest / (Record no. 15685)
[ view plain ]
| 000 -LEADER | |
|---|---|
| fixed length control field | 01527nam a2200277 a 4500 |
| 001 - CONTROL NUMBER | |
| control field | ASIN1741041856 |
| 005 - DATE AND TIME OF LATEST TRANSACTION | |
| control field | 20170105102923.0 |
| 008 - FIXED-LENGTH DATA ELEMENTS--GENERAL INFORMATION | |
| fixed length control field | 131209s2007 xxu eng d |
| 020 ## - INTERNATIONAL STANDARD BOOK NUMBER | |
| International Standard Book Number | 1741041856 (paperback) |
| Terms of availability | $24.99 |
| 020 ## - INTERNATIONAL STANDARD BOOK NUMBER | |
| International Standard Book Number | 9781741041859 (paperback) |
| 040 ## - CATALOGING SOURCE | |
| Original cataloging agency | 0 |
| 100 1# - MAIN ENTRY--PERSONAL NAME | |
| Personal name | Harper, Damian. |
| 245 10 - TITLE STATEMENT | |
| Title | China's southwest / |
| Statement of responsibility, etc. | Damian Harper, Tienlon Ho, Thomas Huhti, Korina Miller, Eilis Quinn. |
| 250 ## - EDITION STATEMENT | |
| Edition statement | 3rd ed. |
| 260 ## - PUBLICATION, DISTRIBUTION, ETC. | |
| Place of publication, distribution, etc. | [S.l.] : |
| Name of publisher, distributor, etc. | Lonely Planet, |
| Date of publication, distribution, etc. | 2007. |
| 300 ## - PHYSICAL DESCRIPTION | |
| Extent | 528 p. ; |
| Dimensions | 21 cm. |
| 490 1# - SERIES STATEMENT | |
| Series statement | Lonely planet regional guide. |
| 520 ## - SUMMARY, ETC. | |
| Summary, etc. | Discover China's Southwest Follow your shadow floating over limestone peaks on a Guangxi ballooning voyage. Hike Tiger Leaping Gorge to the snowcapped mountaintops of Haba Shan via the Jinsha River. Savour the Yin and Yang of spicy, sizzling or soaked-in-soy Southwest delicacies. Get caught up in the dancing at the vibrant Miao Lusheng Festival. In This Guide Five intrepid authors, 220 days of in-country research, 157 bus rides and one rotting yak's head. Includes captivating new destinations not covered in any other English-language guidebook. Chapters dedicated to gateway cities (Beijing, Honk Kong and Shanghai), minority cultures and adventure activities. |
| 700 1# - ADDED ENTRY--PERSONAL NAME | |
| Personal name | Ho, Tienlon. |
| 700 1# - ADDED ENTRY--PERSONAL NAME | |
| Personal name | Huhti, Thomas. |
| 700 1# - ADDED ENTRY--PERSONAL NAME | |
| Personal name | Miller, Korina. |
| 700 1# - ADDED ENTRY--PERSONAL NAME | |
| Personal name | Quinn, Eilis. |
| 830 #0 - SERIES ADDED ENTRY--UNIFORM TITLE | |
| Uniform title | Lonely planet regional guide. |
| 856 40 - ELECTRONIC LOCATION AND ACCESS | |
| Materials specified | Amazon.com |
| Uniform Resource Identifier | <a href="http://www.amazon.com/exec/obidos/ASIN/1741041856/chopaconline-20">http://www.amazon.com/exec/obidos/ASIN/1741041856/chopaconline-20</a> |
| 942 ## - ADDED ENTRY ELEMENTS (KOHA) | |
| Source of classification or shelving scheme | |
| Koha item type | Book |
| Withdrawn status | Lost status | Damaged status | Not for loan | Collection code | Permanent Location | Current Location | Shelving location | Date acquired | Total Checkouts | Full call number | Barcode | Date last seen | Price effective from | Koha item type |
|---|---|---|---|---|---|---|---|---|---|---|---|---|---|---|
| Centre for International Peace & Stability (CIPS) | Centre for International Peace & Stability (CIPS) | General Stacks | 10/02/2013 | 915.13046 HAR 2007 | CIPS0001815 | 12/09/2013 | 12/09/2013 | Book |
